000 00954nam a22003017a 4500
003 CHAP
005 20220817042633.0
008 971013s1984 r 10010 d
010 _a50585
011 _a51557
035 _a55707
040 _cCHAP
082 _a632.9
_bP5
111 0 0 _aPlanning Conference on Integrated Pest Management (
_n22
_d: 1984
_c: Lima, Perú)
_988739
245 _aReport
260 _aLima, Perú :
_bInternational Potato Center,
_c1984
300 _a257 p.
_b: gráfs.
590 _aBATCH-UPD
_b10
_c20130110
_lUCH01
_h0757
590 _aBATCH-UPD
_b10
_c20130410
_lUCH01
_h0436
590 _aBATCH-UPD
_b10
_c20130914
_lUCH01
_h0910
590 _aCONVERSION
_b10
_c20130109
_lUCH01
_h1327
650 1 4 _aControl de plagas.
_927595
650 1 4 _aPapa
_xPlagas.
_985270
710 0 _aCentro Internacional de la Papa.
901 _aBK
942 _cLIBRO
949 _a632.9 P5
_bBC
_cLIBRO
_d33724000184495
_eLIBRO
_h63901
_i55707
_mD
_si
999 _c50585
_d50585